[Event "WCO2014"]
[Site "Tromso"]
[Date "2014.08.09"]
[Round "7.40"]
[WhiteID "3506940"]
[White "Ordaz Valdes Lisandra Teresa"]
[BlackID "2802015"]
[Black "Klinova Masha"]
[Result "1/2-1/2"]
[LiveChessVersion "1.4.3"]
[BlackElo "2312"]
[WhiteElo "2345"]

1. d4 {[%clk 1:30:52]} d6 {[%clk 1:30:56]} 2. Nf3 {[%clk 1:31:12]} Nf6
{[%clk 1:31:10]} 3. c4 {[%clk 1:31:33]} Nbd7 {[%clk 1:31:26]} 4. Nc3
{[%clk 1:31:49]} e5 {[%clk 1:31:43]} 5. Bg5 {[%clk 1:31:38]} Be7 {[%clk 1:30:55]}
6. e3 {[%clk 1:31:50]} O-O {[%clk 1:30:25]} 7. Qc2 {[%clk 1:32:08]} c6
{[%clk 1:17:03]} 8. Be2 {[%clk 1:29:34]} exd4 {[%clk 1:14:43]} 9. Nxd4
{[%clk 1:22:01]} d5 {[%clk 1:06:19]} 10. Nf5 {[%clk 1:12:57]} dxc4
{[%clk 1:01:27]} 11. Bxc4 {[%clk 1:11:41]} Nb6 {[%clk 0:56:11]} 12. Nxe7+
{[%clk 1:07:14]} Qxe7 {[%clk 0:56:36]} 13. Bd3 {[%clk 1:07:25]} h6
{[%clk 0:53:30]} 14. Bh4 {[%clk 1:06:54]} Qe5 {[%clk 0:50:39]} 15. O-O
{[%clk 1:04:55]} Be6 {[%clk 0:48:08]} 16. f4 {[%clk 0:50:30]} Qc5
{[%clk 0:43:34]} 17. Bxf6 {[%clk 0:46:54]} gxf6 {[%clk 0:41:46]} 18. Kh1
{[%clk 0:45:26]} Rfd8 {[%clk 0:36:25]} 19. e4 {[%clk 0:33:50]} Bc4
{[%clk 0:27:56]} 20. Rf3 {[%clk 0:21:25]} Bxd3 {[%clk 0:17:22]} 21. Rxd3
{[%clk 0:15:37]} Rxd3 {[%clk 0:15:05]} 22. Qxd3 {[%clk 0:16:02]} Qf2
{[%clk 0:15:31]} 23. e5 {[%clk 0:14:47]} Qxf4 {[%clk 0:13:27]} 24. e6
{[%clk 0:13:41]} Qe5 {[%clk 0:08:50]} 25. exf7+ {[%clk 0:12:09]} Kg7
{[%clk 0:06:25]} 26. Rf1 {[%clk 0:12:14]} Rf8 {[%clk 0:05:48]} 27. Ne4
{[%clk 0:12:21]} Nd5 {[%clk 0:06:10]} 28. Ng3 {[%clk 0:11:38]} Rxf7
{[%clk 0:05:43]} 29. Nf5+ {[%clk 0:09:59]} Kf8 {[%clk 0:05:37]} 30. Nxh6
{[%clk 0:08:48]} Rg7 {[%clk 0:03:53]} 31. Qa3+ {[%clk 0:04:50]} Ke8
{[%clk 0:03:50]} 32. Qh3 {[%clk 0:02:34]} Kd8 {[%clk 0:02:59]} 33. Nf5
{[%clk 0:02:14]} Rd7 {[%clk 0:03:21]} 34. b3 {[%clk 0:00:53]} Kc7
{[%clk 0:03:25]} 35. Qf3 {[%clk 0:00:39]} a5 {[%clk 0:02:50]} 1/2-1/2

[Event "WCO2014"]
[Site "Tromso"]
[Date "2014.08.09"]
[Round "7.39"]
[WhiteID "14100126"]
[White "Shvayger Yuliya"]
[BlackID "3503950"]
[Black "Marrero Lopez Yaniet"]
[Result "1/2-1/2"]
[LiveChessVersion "1.4.3"]
[BlackElo "2324"]
[WhiteElo "2275"]

1. e4 {[%clk 1:30:13]} e5 {[%clk 1:30:51]} 2. Nf3 {[%clk 1:30:40]} Nc6
{[%clk 1:31:11]} 3. d4 {[%clk 1:31:06]} exd4 {[%clk 1:31:30]} 4. Nxd4
{[%clk 1:31:34]} Qf6 {[%clk 1:31:48]} 5. Nb5 {[%clk 1:25:50]} Bc5
{[%clk 1:28:37]} 6. Qf3 {[%clk 1:25:22]} Nd4 {[%clk 1:15:56]} 7. Nxd4
{[%clk 1:24:53]} Bxd4 {[%clk 1:16:11]} 8. c3 {[%clk 1:24:08]} Qxf3
{[%clk 1:14:24]} 9. gxf3 {[%clk 1:21:29]} Bb6 {[%clk 1:10:02]} 10. Rg1
{[%clk 1:21:37]} g6 {[%clk 1:10:15]} 11. Na3 {[%clk 1:20:48]} a6 {[%clk 0:54:48]}
12. Bh3 {[%clk 1:06:04]} d6 {[%clk 0:49:40]} 13. Bxc8 {[%clk 1:06:24]} Rxc8
{[%clk 0:50:08]} 14. Nc4 {[%clk 1:04:12]} Ba7 {[%clk 0:50:20]} 15. Ke2
{[%clk 1:01:54]} Nf6 {[%clk 0:40:16]} 16. a4 {[%clk 0:56:24]} O-O
{[%clk 0:40:12]} 17. Be3 {[%clk 0:53:23]} Bxe3 {[%clk 0:39:54]} 18. fxe3
{[%clk 0:53:30]} Nh5 {[%clk 0:34:40]} 19. Rg5 {[%clk 0:52:06]} f6
{[%clk 0:34:50]} 20. Rd5 {[%clk 0:51:47]} Rce8 {[%clk 0:34:23]} 21. Kf2
{[%clk 0:51:09]} Ng7 {[%clk 0:33:30]} 22. Rad1 {[%clk 0:46:20]} Re6
{[%clk 0:31:08]} 23. a5 {[%clk 0:41:28]} Rfe8 {[%clk 0:27:58]} 24. b4
{[%clk 0:33:10]} f5 {[%clk 0:27:37]} 25. exf5 {[%clk 0:33:35]} Nxf5
{[%clk 0:28:02]} 26. e4 {[%clk 0:33:33]} Ne7 {[%clk 0:25:53]} 27. R5d3
{[%clk 0:31:37]} Rf8 {[%clk 0:25:48]} 28. Kg3 {[%clk 0:31:24]} Nc6
{[%clk 0:23:34]} 29. Rb1 {[%clk 0:30:48]} Ne5 {[%clk 0:20:20]} 30. Nxe5
{[%clk 0:31:07]} Rxe5 {[%clk 0:20:48]} 31. c4 {[%clk 0:22:53]} Kf7
{[%clk 0:18:33]} 32. b5 {[%clk 0:17:18]} axb5 {[%clk 0:13:52]} 33. cxb5
{[%clk 0:16:59]} Ke6 {[%clk 0:12:07]} 34. b6 {[%clk 0:11:42]} c6 {[%clk 0:11:42]}
35. Ra3 {[%clk 0:10:44]} h6 {[%clk 0:07:04]} 36. a6 {[%clk 0:09:48]} bxa6
{[%clk 0:07:29]} 37. Rxa6 {[%clk 0:06:59]} Rb8 {[%clk 0:07:47]} 38. Rc1
{[%clk 0:04:38]} c5 {[%clk 0:07:07]} 39. Rb1 {[%clk 0:04:51]} c4 {[%clk 0:06:29]}
40. b7 {[%clk 0:04:30]} Kd7 {[%clk 0:03:46]} 41. Rbb6 {[%clk 0:26:12]} Re6
{[%clk 0:29:37]} 42. e5 {[%clk 0:26:26]} Rxe5 {[%clk 0:21:35]} 43. Rxd6+
{[%clk 0:26:48]} Ke7 {[%clk 0:19:51]} 44. Rxg6 {[%clk 0:24:07]} Rg5+
{[%clk 0:20:09]} 45. Kf4 {[%clk 0:22:00]} Rxg6 {[%clk 0:14:11]} 46. Rxg6
{[%clk 0:22:22]} c3 {[%clk 0:13:12]} 47. Rxh6 {[%clk 0:16:09]} Rxb7
{[%clk 0:13:25]} 48. Rc6 {[%clk 0:15:09]} Rb4+ {[%clk 0:09:35]} 49. Kg5
{[%clk 0:08:17]} Rb5+ {[%clk 0:07:27]} 50. Kg6 {[%clk 0:07:10]} Rb3
{[%clk 0:07:26]} 51. Kf5 {[%clk 0:07:02]} c2 {[%clk 0:06:17]} 52. f4
{[%clk 0:06:19]} Rb2 {[%clk 0:06:04]} 53. h4 {[%clk 0:05:37]} Kd7
{[%clk 0:06:02]} 54. Rc3 {[%clk 0:06:00]} Kd6 {[%clk 0:06:25]} 55. Kg4
{[%clk 0:03:59]} Kd5 {[%clk 0:04:59]} 56. h5 {[%clk 0:04:19]} Kd4
{[%clk 0:05:02]} 57. Rc8 {[%clk 0:04:24]} Kd3 {[%clk 0:05:15]} 58. h6
{[%clk 0:04:23]} Rb1 {[%clk 0:05:27]} 59. Kg5 {[%clk 0:04:24]} c1=Q
{[%clk 0:03:29]} 60. Rxc1 {[%clk 0:04:47]} Rxc1 {[%clk 0:03:54]} 61. h7
{[%clk 0:05:08]} Rh1 {[%clk 0:03:42]} 62. Kg6 {[%clk 0:05:33]} Ke4
{[%clk 0:03:47]} 63. Kg7 {[%clk 0:05:57]} Rg1+ {[%clk 0:03:52]} 64. Kf7
{[%clk 0:06:18]} Rh1 {[%clk 0:04:14]} 65. Kg7 {[%clk 0:06:44]} 1/2-1/2

[Event "WCO2014"]
[Site "Tromso"]
[Date "2014.08.09"]
[Round "7.38"]
[WhiteID "3503151"]
[White "Pina Vega Sulennis"]
[BlackID "2807602"]
[Black "Vasiliev Olga"]
[Result "1/2-1/2"]
[LiveChessVersion "1.4.3"]
[BlackElo "2276"]
[WhiteElo "2270"]

1. e4 {[%clk 1:30:54]} c5 {[%clk 1:30:51]} 2. Nf3 {[%clk 1:31:07]} Nc6
{[%clk 1:31:11]} 3. Bb5 {[%clk 1:31:21]} g6 {[%clk 1:31:17]} 4. Bxc6
{[%clk 1:31:16]} bxc6 {[%clk 1:30:50]} 5. O-O {[%clk 1:31:36]} Bg7
{[%clk 1:30:59]} 6. Re1 {[%clk 1:31:28]} Nf6 {[%clk 1:30:48]} 7. c3
{[%clk 1:31:42]} O-O {[%clk 1:30:40]} 8. d4 {[%clk 1:31:28]} d5 {[%clk 1:28:54]}
9. e5 {[%clk 1:31:01]} Ne4 {[%clk 1:28:54]} 10. Ng5 {[%clk 1:29:54]} Nxg5
{[%clk 1:22:31]} 11. Bxg5 {[%clk 1:30:16]} f6 {[%clk 1:22:19]} 12. exf6
{[%clk 1:26:09]} exf6 {[%clk 1:21:41]} 13. Be3 {[%clk 1:26:22]} c4
{[%clk 1:14:08]} 14. Nd2 {[%clk 1:25:52]} Qa5 {[%clk 1:05:37]} 15. Bf4
{[%clk 1:24:58]} Bf5 {[%clk 1:03:43]} 16. Bd6 {[%clk 1:20:00]} Rfe8
{[%clk 1:02:28]} 17. Bb4 {[%clk 1:19:54]} Qc7 {[%clk 0:59:04]} 18. b3
{[%clk 1:19:26]} Bh6 {[%clk 0:50:03]} 19. bxc4 {[%clk 1:17:18]} Bxd2
{[%clk 0:49:26]} 20. Qxd2 {[%clk 1:17:42]} dxc4 {[%clk 0:49:34]} 21. Re3
{[%clk 1:15:29]} a5 {[%clk 0:48:09]} 22. Bc5 {[%clk 1:12:28]} Rxe3
{[%clk 0:37:18]} 23. Qxe3 {[%clk 1:10:44]} Qf7 {[%clk 0:35:08]} 24. Re1
{[%clk 1:10:18]} Bd7 {[%clk 0:34:21]} 25. Qf4 {[%clk 1:05:51]} Re8
{[%clk 0:32:23]} 26. Rxe8+ {[%clk 1:05:57]} Bxe8 {[%clk 0:31:42]} 27. h3
{[%clk 1:05:47]} Kg7 {[%clk 0:26:58]} 28. a4 {[%clk 1:04:59]} g5 {[%clk 0:23:20]}
29. Qd6 Kg6 {[%clk 0:20:52]} 30. Kh2 {[%clk 1:01:39]} Qd5 {[%clk 0:15:05]} 31.
Qb8 {[%clk 0:52:25]} Bf7 {[%clk 0:13:20]} 32. Qb1+ {[%clk 0:45:16]} Kg7
{[%clk 0:12:03]} 33. f3 {[%clk 0:42:59]} h5 {[%clk 0:11:11]} 34. Qe4
{[%clk 0:37:06]} Qxe4 {[%clk 0:09:09]} 35. fxe4 {[%clk 0:37:34]} Bg6
{[%clk 0:09:19]} 36. d5 {[%clk 0:37:38]} cxd5 {[%clk 0:09:20]} 37. exd5
{[%clk 0:38:07]} Be4 {[%clk 0:08:34]} 38. d6 {[%clk 0:37:10]} Bc6
{[%clk 0:08:58]} 39. Bb6 {[%clk 0:36:53]} Bxa4 {[%clk 0:09:11]} 40. Bxa5
{[%clk 0:37:15]} h4 {[%clk 0:08:50]} 41. g3 {[%clk 0:32:42]} hxg3+
{[%clk 0:08:58]} 42. Kxg3 {[%clk 0:33:10]} Kf7 {[%clk 0:08:53]} 43. h4
{[%clk 0:32:47]} gxh4+ {[%clk 0:09:13]} 44. Kxh4 {[%clk 0:33:15]} Ke6
{[%clk 0:09:22]} 45. Bb4 {[%clk 0:33:26]} Bd1 {[%clk 0:08:56]} 46. Kg3
{[%clk 0:33:45]} f5 {[%clk 0:08:58]} 47. Kf4 {[%clk 0:34:08]} Bc2
{[%clk 0:09:19]} 48. Ke3 {[%clk 0:34:34]} Bd3 {[%clk 0:09:37]} 49. Ba3
{[%clk 0:34:49]} Kd7 {[%clk 0:09:34]} 1/2-1/2

[Event "WCO2014"]
[Site "Tromso"]
[Date "2014.08.09"]
[Round "7.37"]
[WhiteID "2806452"]
[White "Borsuk Angela"]
[BlackID "3507041"]
[Black "Vigoa Apecheche Yanira"]
[Result "0-1"]
[LiveChessVersion "1.4.3"]
[BlackElo "2317"]
[WhiteElo "2198"]

1. d4 {[%clk 1:30:58]} Nf6 {[%clk 1:30:52]} 2. Nf3 {[%clk 1:31:20]} g6
{[%clk 1:31:13]} 3. Bg5 {[%clk 1:31:26]} Bg7 {[%clk 1:31:35]} 4. Nbd2
{[%clk 1:31:41]} d5 {[%clk 1:31:26]} 5. e3 {[%clk 1:31:26]} O-O {[%clk 1:31:28]}
6. Bd3 {[%clk 1:30:03]} c5 {[%clk 1:27:51]} 7. c3 {[%clk 1:28:00]} Nc6
{[%clk 1:25:38]} 8. O-O {[%clk 1:27:59]} Qb6 {[%clk 1:22:58]} 9. Rb1
{[%clk 1:27:03]} Re8 {[%clk 1:15:32]} 10. h3 {[%clk 1:22:35]} e5 {[%clk 1:09:27]}
11. dxe5 {[%clk 1:12:28]} Nxe5 {[%clk 1:08:21]} 12. Nxe5 {[%clk 1:12:49]} Rxe5
{[%clk 1:08:45]} 13. Bf4 {[%clk 1:11:37]} Re8 {[%clk 1:08:50]} 14. Qf3
{[%clk 1:06:51]} Bd7 {[%clk 1:02:37]} 15. b4 {[%clk 0:51:14]} c4 {[%clk 0:57:11]}
16. Bc2 {[%clk 0:47:04]} Qe6 {[%clk 0:57:32]} 17. b5 {[%clk 0:36:52]} Rac8
{[%clk 0:46:24]} 18. Rfd1 {[%clk 0:32:59]} a6 {[%clk 0:41:28]} 19. a4
{[%clk 0:32:11]} axb5 {[%clk 0:37:28]} 20. axb5 {[%clk 0:32:32]} Rc5
{[%clk 0:37:46]} 21. e4 {[%clk 0:29:54]} dxe4 {[%clk 0:37:01]} 22. Nxe4
{[%clk 0:27:49]} Nxe4 {[%clk 0:37:21]} 23. Bxe4 {[%clk 0:28:14]} Qxe4
{[%clk 0:33:55]} 24. Qxe4 {[%clk 0:24:08]} Rxe4 {[%clk 0:34:19]} 25. Rxd7
{[%clk 0:24:34]} Rxf4 {[%clk 0:34:43]} 26. Rxb7 {[%clk 0:22:17]} Bxc3
{[%clk 0:34:30]} 27. Rb8+ {[%clk 0:22:33]} Kg7 {[%clk 0:34:55]} 28. b6
{[%clk 0:22:43]} Be5 {[%clk 0:33:45]} 29. Re8 {[%clk 0:23:01]} c3
{[%clk 0:33:49]} 30. Rxe5 {[%clk 0:20:20]} c2 {[%clk 0:34:05]} 0-1

[Event "WCO2014"]
[Site "Tromso"]
[Date "2014.08.09"]
[Round "7.13"]
[WhiteID "1308521"]
[White "Seps Monika"]
[BlackID "2219026"]
[Black "Vega Gutierrez Sabrina"]
[Result "1/2-1/2"]
[LiveChessVersion "1.4.3"]
[BlackElo "2395"]
[WhiteElo "2236"]

1. e4 {[%clk 1:30:58]} e5 {[%clk 1:30:43]} 2. Nf3 {[%clk 1:31:17]} d6
{[%clk 1:31:03]} 3. d4 {[%clk 1:31:30]} exd4 {[%clk 1:31:23]} 4. Nxd4
{[%clk 1:31:57]} Nf6 {[%clk 1:31:35]} 5. Nc3 {[%clk 1:32:24]} Be7
{[%clk 1:31:56]} 6. g3 {[%clk 1:32:45]} d5 {[%clk 1:31:08]} 7. e5
{[%clk 1:33:11]} Ng4 {[%clk 1:31:19]} 8. Bg2 {[%clk 1:33:22]} Nxe5
{[%clk 1:15:04]} 9. Qe2 {[%clk 1:31:15]} Nec6 {[%clk 0:58:46]} 10. Be3
{[%clk 1:26:49]} Nxd4 {[%clk 0:55:12]} 11. Bxd4 {[%clk 1:27:06]} O-O
{[%clk 0:55:11]} 12. Nxd5 {[%clk 1:24:09]} Bb4+ {[%clk 0:40:44]} 13. Nxb4
{[%clk 1:24:22]} Qxd4 {[%clk 0:41:00]} 14. c3 {[%clk 1:24:44]} Qc5
{[%clk 0:40:46]} 15. O-O {[%clk 1:23:01]} c6 {[%clk 0:39:41]} 16. Rfe1
{[%clk 1:21:45]} Bf5 {[%clk 0:36:22]} 17. Rad1 {[%clk 0:58:33]} Nd7
{[%clk 0:34:26]} 18. Nd3 {[%clk 0:54:39]} Qc4 {[%clk 0:33:36]} 19. Nf4
{[%clk 0:45:31]} Qxe2 {[%clk 0:33:29]} 20. Rxe2 {[%clk 0:45:56]} Rfe8
{[%clk 0:33:28]} 21. h3 {[%clk 0:35:26]} Nb6 {[%clk 0:27:42]} 22. g4
{[%clk 0:30:29]} Rxe2 {[%clk 0:23:31]} 23. Nxe2 {[%clk 0:30:59]} Be6
{[%clk 0:23:47]} 24. b3 {[%clk 0:29:56]} Re8 {[%clk 0:23:37]} 25. Kf1
{[%clk 0:28:53]} Kf8 {[%clk 0:20:09]} 26. c4 {[%clk 0:22:53]} Ke7
{[%clk 0:19:12]} 27. f4 {[%clk 0:17:06]} g6 {[%clk 0:13:19]} 28. Kf2
{[%clk 0:16:01]} Rd8 {[%clk 0:12:39]} 29. Rxd8 {[%clk 0:15:20]} Kxd8
{[%clk 0:13:08]} 30. Ke3 {[%clk 0:14:28]} Ke7 {[%clk 0:13:36]} 31. Kd4
{[%clk 0:12:01]} 1/2-1/2

[Event "WCO2014"]
[Site "Tromso"]
[Date "2014.08.09"]
[Round "7.14"]
[WhiteID "13601377"]
[White "Matnadze Ana"]
[BlackID "4612434"]
[Black "Heinatz Gundula"]
[Result "1-0"]
[LiveChessVersion "1.4.3"]
[BlackElo "2169"]
[WhiteElo "2385"]

1. d4 {[%clk 1:30:55]} Nf6 {[%clk 1:30:53]} 2. Nf3 {[%clk 1:31:12]} d5
{[%clk 1:31:14]} 3. g3 {[%clk 1:31:38]} c6 {[%clk 1:31:06]} 4. Bg2
{[%clk 1:32:02]} Bf5 {[%clk 1:31:21]} 5. O-O {[%clk 1:32:24]} h6 {[%clk 1:31:35]}
6. c4 {[%clk 1:32:41]} e6 {[%clk 1:31:26]} 7. Qb3 {[%clk 1:32:51]} Qb6
{[%clk 1:30:30]} 8. Nc3 {[%clk 1:31:29]} Nbd7 {[%clk 1:27:32]} 9. c5
{[%clk 1:31:19]} Qa6 {[%clk 1:27:54]} 10. a4 {[%clk 1:31:02]} b6 {[%clk 1:27:25]}
11. cxb6 {[%clk 1:30:04]} axb6 {[%clk 1:27:46]} 12. Bf4 {[%clk 1:30:18]} Be7
{[%clk 1:27:26]} 13. Nd2 {[%clk 1:25:01]} O-O {[%clk 1:26:22]} 14. e4
{[%clk 1:20:52]} dxe4 {[%clk 1:24:41]} 15. Ndxe4 {[%clk 1:21:04]} Nd5
{[%clk 1:24:06]} 16. Bd6 {[%clk 1:14:38]} Bxd6 {[%clk 0:59:38]} 17. Nxd6
{[%clk 1:13:57]} Bg6 {[%clk 0:52:35]} 18. Rfc1 {[%clk 1:10:24]} Qd3
{[%clk 0:47:29]} 19. Rd1 {[%clk 1:07:10]} Qa6 {[%clk 0:44:03]} 20. Nxd5
{[%clk 1:03:41]} exd5 {[%clk 0:40:47]} 21. Qc3 {[%clk 0:58:46]} Nb8
{[%clk 0:34:15]} 22. Bh3 {[%clk 0:51:09]} Qa7 {[%clk 0:30:10]} 23. Re1
{[%clk 0:46:52]} Qc7 {[%clk 0:27:14]} 24. Qa3 {[%clk 0:39:13]} Na6
{[%clk 0:21:06]} 25. Nf5 {[%clk 0:39:12]} Bxf5 {[%clk 0:21:30]} 26. Bxf5
{[%clk 0:38:41]} c5 {[%clk 0:19:52]} 27. Rac1 {[%clk 0:31:21]} Qd6
{[%clk 0:18:05]} 28. Qe3 {[%clk 0:30:27]} Qf6 {[%clk 0:12:24]} 29. Qe5
{[%clk 0:29:17]} Qxe5 {[%clk 0:12:29]} 30. Rxe5 {[%clk 0:28:07]} Rfd8
{[%clk 0:10:05]} 31. a5 {[%clk 0:20:01]} g6 {[%clk 0:09:27]} 32. axb6
{[%clk 0:15:43]} gxf5 {[%clk 0:08:18]} 33. dxc5 {[%clk 0:16:11]} Rab8
{[%clk 0:07:19]} 34. Rxf5 {[%clk 0:15:11]} Kg7 {[%clk 0:07:02]} 35. Kf1
{[%clk 0:13:23]} Nb4 {[%clk 0:07:00]} 36. Rd1 {[%clk 0:07:07]} d4
{[%clk 0:04:25]} 37. Rf4 {[%clk 0:07:09]} Nc6 {[%clk 0:04:49]} 38. b4
{[%clk 0:05:37]} Rd5 {[%clk 0:05:02]} 39. Ke2 {[%clk 0:02:42]} Re8+
{[%clk 0:01:39]} 40. Kd3 {[%clk 0:02:34]} Red8 {[%clk 0:01:21]} 41. Kc4
{[%clk 0:30:59]} d3 {[%clk 0:28:21]} 42. Kb5 {[%clk 0:28:51]} Nb8
{[%clk 0:20:52]} 43. Rd2 {[%clk 0:27:49]} Kg6 {[%clk 0:18:16]} 44. g4
{[%clk 0:25:25]} Re5 {[%clk 0:16:49]} 45. Rf3 {[%clk 0:25:21]} Red5
{[%clk 0:17:05]} 46. h3 {[%clk 0:15:39]} Kg7 {[%clk 0:16:49]} 47. Rf5
{[%clk 0:15:54]} Rd4 {[%clk 0:17:13]} 48. b7 {[%clk 0:13:58]} Re8
{[%clk 0:15:40]} 49. c6 {[%clk 0:04:23]} Nxc6 {[%clk 0:11:28]} 50. Kxc6
{[%clk 0:04:44]} Rxb4 {[%clk 0:11:54]} 51. Rb5 {[%clk 0:03:36]} Rc4+
{[%clk 0:08:05]} 52. Kd5 {[%clk 0:03:57]} Rc2 {[%clk 0:08:20]} 53. Rxd3
{[%clk 0:03:53]} Rb8 {[%clk 0:08:07]} 54. f4 {[%clk 0:03:44]} Rc7
{[%clk 0:08:00]} 55. Rdb3 {[%clk 0:04:13]} Rd8+ {[%clk 0:08:02]} 56. Ke4
{[%clk 0:04:34]} Rb8 {[%clk 0:07:56]} 57. h4 {[%clk 0:04:48]} Rd7
{[%clk 0:07:47]} 58. h5 {[%clk 0:04:45]} Rc7 {[%clk 0:08:08]} 59. Kf5
{[%clk 0:04:57]} Rc6 {[%clk 0:07:21]} 60. g5 {[%clk 0:04:50]} hxg5
{[%clk 0:05:53]} 61. fxg5 {[%clk 0:05:11]} Rc1 {[%clk 0:06:16]} 62. R3b4
{[%clk 0:04:39]} Rf1+ {[%clk 0:06:09]} 63. Rf4 {[%clk 0:05:03]} Rd1
{[%clk 0:06:04]} 64. Rc4 {[%clk 0:02:43]} Rd7 {[%clk 0:06:01]} 65. h6+
{[%clk 0:02:57]} Kh7 {[%clk 0:06:20]} 66. Rcb4 {[%clk 0:02:58]} Rc7
{[%clk 0:05:13]} 67. Kf6 {[%clk 0:03:01]} Kg8 {[%clk 0:05:10]} 68. Re4
{[%clk 0:02:45]} Rcxb7 {[%clk 0:02:53]} 69. Rxb7 {[%clk 0:03:08]} Rxb7
{[%clk 0:03:19]} 70. Re8+ {[%clk 0:03:34]} Kh7 {[%clk 0:03:46]} 71. Re7
{[%clk 0:03:17]} Rb6+ {[%clk 0:04:12]} 72. Kxf7 {[%clk 0:03:38]} Rg6
{[%clk 0:03:50]} 73. Re5 {[%clk 0:03:10]} Rg7+ {[%clk 0:03:44]} 74. Kf6
{[%clk 0:03:24]} Rg6+ {[%clk 0:03:48]} 75. Kf5 {[%clk 0:03:49]} Ra6
{[%clk 0:04:07]} 76. Re7+ {[%clk 0:04:12]} Kh8 {[%clk 0:03:51]} 77. g6
{[%clk 0:04:16]} Ra8 {[%clk 0:03:53]} 78. Kf6 {[%clk 0:04:13]} Rf8+
{[%clk 0:04:11]} 79. Kg5 {[%clk 0:03:39]} Ra8 {[%clk 0:04:28]} 80. Rf7
{[%clk 0:04:05]} Ra5+ {[%clk 0:04:26]} 81. Rf5 {[%clk 0:04:29]} Ra8
{[%clk 0:04:41]} 82. h7 {[%clk 0:04:10]} Rb8 {[%clk 0:03:10]} 83. Kh6
{[%clk 0:04:27]} 1-0

[Event "WCO2014"]
[Site "Tromso"]
[Date "2014.08.09"]
[Round "7.15"]
[WhiteID "1305620"]
[White "De Seroux Camille"]
[BlackID "22200371"]
[Black "Aranaz Murillo Amalia"]
[Result "0-1"]
[LiveChessVersion "1.4.3"]
[BlackElo "2314"]
[WhiteElo "2129"]

1. e4 {[%clk 1:30:56]} e6 {[%clk 1:30:51]} 2. d4 {[%clk 1:31:17]} d5
{[%clk 1:31:14]} 3. Nd2 {[%clk 1:31:41]} c5 {[%clk 1:31:32]} 4. exd5
{[%clk 1:31:26]} Qxd5 {[%clk 1:31:52]} 5. Ngf3 {[%clk 1:31:32]} cxd4
{[%clk 1:32:07]} 6. Bc4 {[%clk 1:31:37]} Qd7 {[%clk 1:32:24]} 7. O-O
{[%clk 1:29:15]} Nc6 {[%clk 1:32:30]} 8. Nb3 {[%clk 1:27:55]} Nf6
{[%clk 1:32:42]} 9. Nbxd4 {[%clk 1:27:13]} Nxd4 {[%clk 1:33:02]} 10. Nxd4
{[%clk 1:26:47]} a6 {[%clk 1:33:24]} 11. Re1 {[%clk 1:23:56]} Bc5
{[%clk 1:33:14]} 12. c3 {[%clk 1:15:17]} b5 {[%clk 1:32:50]} 13. Bb3
{[%clk 1:10:31]} Bb7 {[%clk 1:32:36]} 14. Bg5 {[%clk 1:04:44]} Bxd4
{[%clk 1:31:26]} 15. cxd4 {[%clk 1:03:56]} Qc6 {[%clk 1:31:49]} 16. f3
{[%clk 1:00:57]} O-O {[%clk 1:31:57]} 17. Qd3 {[%clk 0:55:42]} Rac8
{[%clk 1:31:54]} 18. Rac1 {[%clk 0:50:00]} Qb6 {[%clk 1:31:41]} 19. Bc2
{[%clk 0:42:25]} Rfd8 {[%clk 1:31:22]} 20. Rcd1 {[%clk 0:29:46]} Rc4
{[%clk 1:26:01]} 21. Bxf6 {[%clk 0:18:31]} gxf6 {[%clk 1:26:24]} 22. Qxh7+
{[%clk 0:18:02]} Kf8 {[%clk 1:26:49]} 23. Kh1 {[%clk 0:09:27]} Rcxd4
{[%clk 1:23:27]} 24. h3 {[%clk 0:06:30]} Qa5 {[%clk 1:15:10]} 25. Qh6+
{[%clk 0:03:04]} Ke7 {[%clk 1:15:34]} 26. Rxe6+ {[%clk 0:00:54]} Kxe6
{[%clk 1:15:04]} 27. Qe3+ {[%clk 0:01:08]} Be4 {[%clk 1:11:59]} 28. Rxd4
{[%clk 0:00:56]} Rxd4 {[%clk 1:12:19]} 29. Bb3+ {[%clk 0:00:59]} Ke5
{[%clk 1:12:39]} 30. f4+ {[%clk 0:01:06]} Kf5 {[%clk 1:13:01]} 31. Qxd4
{[%clk 0:01:10]} Qe1+ {[%clk 1:12:13]} 32. Kh2 {[%clk 0:00:44]} Qe2
{[%clk 1:12:23]} 33. Qd7+ {[%clk 0:00:42]} Kxf4 {[%clk 1:12:42]} 34. Qd6+
{[%clk 0:00:41]} Kf5 {[%clk 1:12:26]} 35. Qd7+ {[%clk 0:00:37]} Kg5
{[%clk 1:11:10]} 36. Qg4+ {[%clk 0:00:52]} Qxg4 {[%clk 1:11:36]} 37. hxg4
{[%clk 0:01:19]} Kxg4 {[%clk 1:09:37]} 38. Bxf7 {[%clk 0:01:41]} b4
{[%clk 1:08:29]} 39. Bc4 {[%clk 0:01:25]} a5 {[%clk 1:08:52]} 40. a3
{[%clk 0:00:42]} f5 {[%clk 1:08:11]} 41. axb4 {[%clk 0:25:00]} axb4
{[%clk 1:39:06]} 42. Be6 {[%clk 0:21:24]} Kf4 {[%clk 1:35:03]} 43. g3+
{[%clk 0:20:34]} Kf3 {[%clk 1:33:11]} 44. Kh3 {[%clk 0:20:16]} f4
{[%clk 1:31:21]} 45. gxf4 {[%clk 0:18:05]} Kxf4 {[%clk 1:31:44]} 46. Bf7
{[%clk 0:15:03]} Bc6 {[%clk 1:23:51]} 47. Bg8 {[%clk 0:14:40]} Ba4
{[%clk 1:21:16]} 48. Kg2 {[%clk 0:13:14]} Ke3 {[%clk 1:21:40]} 49. Kf1
{[%clk 0:11:48]} Kd2 {[%clk 1:22:03]} 50. Bc4 {[%clk 0:06:30]} Kc2
{[%clk 1:01:50]} 51. Ke2 {[%clk 0:06:22]} Bb3 {[%clk 1:00:20]} 52. Bd3+
{[%clk 0:04:00]} Kc1 {[%clk 0:56:42]} 53. Bb5 {[%clk 0:03:47]} Be6
{[%clk 0:49:47]} 54. Ba4 {[%clk 0:02:38]} Kxb2 {[%clk 0:50:05]} 55. Kd2
{[%clk 0:02:39]} Ka3 {[%clk 0:50:30]} 56. Bc2 {[%clk 0:02:13]} Bd7
{[%clk 0:50:50]} 57. Kc1 {[%clk 0:01:34]} Be6 {[%clk 0:47:28]} 58. Bd1
{[%clk 0:00:59]} Bf5 {[%clk 0:47:19]} 59. Kd2 {[%clk 0:00:55]} Kb2
{[%clk 0:46:53]} 60. Ba4 {[%clk 0:01:02]} Be6 {[%clk 0:41:05]} 61. Bc2
{[%clk 0:00:58]} Bb3 {[%clk 0:39:07]} 62. Bf5 {[%clk 0:01:06]} Ba4
{[%clk 0:39:33]} 63. Be6 {[%clk 0:01:06]} Bc2 {[%clk 0:39:11]} 64. Bd5
{[%clk 0:01:02]} Kb1 {[%clk 0:38:44]} 65. Be6 {[%clk 0:01:00]} Bg6
{[%clk 0:38:45]} 66. Bd5 {[%clk 0:00:56]} Ka1 {[%clk 0:39:03]} 67. Bb3
{[%clk 0:00:43]} Kb2 {[%clk 0:38:57]} 68. Bd5 {[%clk 0:00:48]} Ka3
{[%clk 0:38:56]} 69. Be6 {[%clk 0:00:53]} Bb1 {[%clk 0:39:19]} 70. Bg4
{[%clk 0:00:32]} b3 {[%clk 0:39:43]} 71. Be6 {[%clk 0:00:35]} b2 {[%clk 0:40:08]}
0-1